| 000 | 01018nam a22002777a 4500 | ||
|---|---|---|---|
| 999 |
_c18060 _d18060 |
||
| 003 | AR-CdUCM | ||
| 008 | 190511b ||||| |||| 00| 0 spa d | ||
| 040 |
_aMUNICIPALIDAD PROVINCIAL DEL CUSCO _cBIBLIOTECA MUNICIPAL DEL CUSCO |
||
| 082 |
_22ed _a985.004 / _bM433 |
||
| 100 |
_aMatos Mar, José _94659 |
||
| 245 | _aPerú problema / | ||
| 260 |
_aLima : _bMoncloa campodonico, _c1969. |
||
| 300 |
_a188 páginas ; _c19 cm. |
||
| 440 |
_aColección Perú problema _938419 |
||
| 505 | _aContenido: Dominación, desarrollos desiguales y pluralismos den la sociedad y culturas peruanas -- La cultura de la dominación... | ||
| 650 |
_aAntropológica _911653 |
||
| 650 |
_aCultura de la dominación _938420 |
||
| 650 |
_aDesarrollo cultural _92267 |
||
| 700 |
_aSalazar Bondy, Augusto _91562 |
||
| 700 |
_aEscobar, Alberto _91581 |
||
| 700 |
_aBravo Bresani, Jorge _94660 |
||
| 700 |
_aCotler, Julio _94661 |
||
| 700 |
_aFuenzalida, Fernando (asistente) _938421 |
||
| 942 |
_2ddc _cLIBROS |
||
| 945 |
_adavv _d2019-05-11 |
||